| 000 | 00663na a2200217 4500 | ||
|---|---|---|---|
| 001 | 20904 | ||
| 003 | MIRAKIL | ||
| 005 | 20181213154838.0 | ||
| 008 | 170127b tu 000 0 | ||
| 040 |
_aMilas _btur _cTR-AnCHP |
||
| 041 | _atur | ||
| 082 |
_a330.06 _bT96 1997 |
||
| 090 | _a330.06 T96 1997 | ||
| 111 |
_a Türkiye iktisat kongresi _cİstanbul _d22-27 Kasım 1948 |
||
| 245 |
_a1948 Türkiye iktisat kongresi _cDevlet Planlama Teşkilatı (DPT) |
||
| 260 |
_aAnkara _bDevlet Planlama Teşkilatı _c1997 |
||
| 300 |
_a391 s. _c23 sm. |
||
| 650 |
_aEkonomi _xTürkiye _yToplantılar |
||
| 710 | _aDevlet Planlama Teşkilatı (DPT) | ||
| 942 |
_2ddc _cBKS |
||
| 999 |
_c1911 _d1911 |
||